Relaciones actuales entre convenio y ley

Bibliographic Details
Main Author: Pedrosa Gonzl̀ez, Juan
Format: eBook
Language:Spanish
Published: Albacete: Editorial Bomarzo, 2015
Subjects:
Online Access:Acceso restringido

MARC

LEADER 00000nam a22000007a 4500
005 20150812215927.0
007 cr|||| ||||
008 150812s2015 es |||||s|||| 00||0 spa d
020 |a 978-84-15923-81-7 
035 |a 12823 
040 |a vLex 
090 |c 5524  |d 5524 
100 1 |a Pedrosa Gonzl̀ez, Juan 
245 1 0 |a Relaciones actuales entre convenio y ley  |h [Recurso electrn̤ico] /  |c Juan Pedrosa Gonzl̀ez 
256 |a Servicio en ln̕ea 
260 |a Albacete:  |b Editorial Bomarzo,  |c 2015 
300 |a 1 recurso electrn̤ico 
500 |a ¿Est ̀el convenio colectivo subordinado a la Ley? ¿Est ̀la fuente material de los convenios subordinada a la fuente material de las leyes? ¿Quiň impone esta subordinacin̤, y cm̤o? ¿El Ordenamiento no garantiza los productos de la negociacin̤ colectiva? ¿La ley puede anular al convenio cuando quiera? ¿Nuestro Ordenamiento contempla un convenio colectivo anulable a voluntad del legislador? 
506 1 |a Disponible solo en los productos indicados  |d vLex Global  |d vLex Global (Academic Edition, excluding Law Schools)  |d vLex Global (U.S. Academic Edition, Law Schools)  |d vLex Global (U.S. Academic Edition, excluding Law Schools)  |d vLex Global (Academic Edition, Law Schools) 
650 0 4 |a Derecho Civil  |z Espaą 
740 0 |a vLex Libros (Servicio en ln̕ea) 
856 4 0 |u http://vlex.com/source/relaciones-actuales-entre-convenio-y-ley-12823  |z Acceso restringido 
942 |c BOOK 
999 0 |a Civil Law